000 00511nam a2200097Ia 4500
008 170517s9999 xx 000 0 und d
245 _aFrack Them All!
300 _aRussia Today investigates the fracking epidemic in rural areas all over the United States in Frack Them All! Industry representatives claim every possible precaution is taken in the natural resource extraction process that has become popular, and a lightning...
650 _xTechnology.
856 _uhttp://topdocumentaryfilms.com/frack-them-all/
999 _c335039
_d335039